[Event "Xtracon Chess Open 2016"]
[Site "Elsinore"]
[Date "2016.07.24"]
[Round "3.73"]
[White "Sande, Odmund"]
[Black "Klings, Peter"]
[Result "0-1"]
[WhiteElo "1877"]
[BlackElo "2133"]
[PlyCount "124"]
[EventDate "2016.07.23"]

1. d4 Nf6 2. c4 c5 3. d5 b5 4. cxb5 a6 5. bxa6 g6 6. Nc3 Bxa6 7. e4 Bxf1 8.
Kxf1 d6 9. Nf3 Nbd7 10. h3 Bg7 11. g3 O-O 12. Kg2 Ra6 13. Re1 Qa8 14. Nd2 Nb6
15. Qe2 Nfd7 16. a3 Rc8 17. Kh2 c4 18. f4 Qb7 19. Nf3 Nc5 20. Be3 Nba4 21. Nxa4
Rxa4 22. Bd4 Nb3 23. Rad1 Nxd4 24. Nxd4 c3 25. bxc3 Bxd4 26. cxd4 Rxa3 27. Qf2
Rcc3 28. Rb1 Qa7 29. Red1 h5 30. h4 Rxg3 31. Qxg3 Rxg3 32. Kxg3 Qa3+ 33. Kf2
Qh3 34. Rg1 Qxh4+ 35. Kf3 Kh7 36. Rg3 Qh2 37. Rg2 Qh3+ 38. Rg3 Qc8 39. Rb3 Qc4
40. Kg2 Qe2+ 41. Kh3 Qxe4 42. Rgf3 Qxd5 43. Rbd3 e6 44. Kg3 Kg7 45. Kh3 Qf5+
46. Kg3 Kf6 47. Kh2 h4 48. Kg2 Kg7 49. Kh1 Kh6 50. Kh2 Kh5 51. Kh1 Kg4 52. Kg1
Qd5 53. Kf2 Qa2+ 54. Kf1 Qh2 55. Rde3 h3 56. Rf2 Qh1+ 57. Ke2 Qb1 58. Rd3 Qb5
59. Kd2 h2 60. Rg2+ Kxf4 61. Rf2+ Ke4 62. Re3+ Kd5 0-1

[Event "Xtracon Chess Open 2016"]
[Site "Elsinore"]
[Date "2016.07.24"]
[Round "3.74"]
[White "Heinis, Vincent"]
[Black "Thybo, Thomas Sondergaard"]
[Result "1-0"]
[WhiteElo "2131"]
[BlackElo "1886"]
[PlyCount "79"]
[EventDate "2016.07.23"]

1. Nf3 g6 2. d4 Bg7 3. e3 Nf6 4. Be2 O-O 5. O-O d6 6. Nbd2 a6 7. a4 c6 8. Nc4
b5 9. axb5 cxb5 10. Na5 Qb6 11. b3 Nc6 12. Nxc6 Qxc6 13. c4 Bd7 14. Bb2 Qb7 15.
Ra2 Ne4 16. Qa1 b4 17. Bd3 Bg4 18. Bxe4 Qxe4 19. Nd2 Qd3 20. d5 Bh6 21. Bd4 e5
22. dxe6 fxe6 23. Qb1 Qxb1 24. Rxb1 e5 25. Bb6 Kf7 26. Ne4 Ke6 27. Rba1 Rfc8
28. Kf1 Rc6 29. Ba5 Rb8 30. f3 Bf5 31. Nf2 Ke7 32. e4 Bc8 33. Ke2 Bf8 34. Nd3
Bb7 35. Bxb4 Rb6 36. c5 Rb5 37. cxd6+ Kd8 38. Ra5 Bc6 39. Rxa6 Bd7 40. Ra8 1-0

[Event "Xtracon Chess Open 2016"]
[Site "Elsinore"]
[Date "2016.07.24"]
[Round "3.75"]
[White "Schultz Pedersen, Jesper"]
[Black "Andersen, Daniel"]
[Result "1-0"]
[WhiteElo "2121"]
[BlackElo "1875"]
[PlyCount "69"]
[EventDate "2016.07.23"]

1. e4 e6 2. d4 d5 3. e5 c5 4. Nf3 Nc6 5. Bd3 cxd4 6. O-O Nge7 7. Bf4 Ng6 8. Bg3
Be7 9. Nbd2 Nb4 10. Nb3 Nxd3 11. Qxd3 O-O 12. Rfe1 Bd7 13. Qxd4 Qc7 14. Rac1 b5
15. h4 Rfc8 16. h5 Nf8 17. Bh4 Bxh4 18. Qxh4 Qc4 19. Nbd4 h6 20. b3 Qc7 21. g4
Nh7 22. Kh1 Qd8 23. Qg3 Qe7 24. Rg1 Rc3 25. Ne2 Rc7 26. Nfd4 Rac8 27. f4 f6 28.
Nf3 Rxc2 29. Rxc2 Rxc2 30. Ned4 Rc3 31. Qh4 Rc7 32. exf6 gxf6 33. g5 fxg5 34.
fxg5 Kh8 35. Qf4 1-0

[Event "Xtracon Chess Open 2016"]
[Site "Elsinore"]
[Date "2016.07.24"]
[Round "3.76"]
[White "Fossan, Benjamin"]
[Black "Hofmann, Rares"]
[Result "0-1"]
[WhiteElo "1873"]
[BlackElo "2118"]
[PlyCount "78"]
[EventDate "2016.07.23"]

1. e4 e5 2. Nf3 Nc6 3. Bc4 Nf6 4. d3 Be7 5. O-O O-O 6. Re1 d6 7. c3 h6 8. Nbd2
Nh5 9. Nf1 Nf4 10. d4 g5 11. dxe5 dxe5 12. Bxf4 exf4 13. Nd4 Nxd4 14. cxd4 Bb4
15. Re2 Qf6 16. Qb3 Be7 17. Rd1 Qg6 18. f3 g4 19. Nd2 Rd8 20. d5 g3 21. h3 Bc5+
22. Kf1 Qh5 23. Ke1 Bf2+ 24. Rxf2 gxf2+ 25. Kxf2 Rd6 26. Bd3 Qh4+ 27. Kf1 Qg5
28. e5 Rb6 29. Qc3 Bf5 30. Bxf5 Qxf5 31. Ne4 Rg6 32. Nf6+ Kg7 33. Qxc7 Rc8 34.
Nh5+ Kh8 35. d6 Rxc7 36. dxc7 Rg8 37. Rd8 Qb1+ 38. Kf2 Qxb2+ 39. Kg1 Qxg2# 0-1

[Event "Xtracon Chess Open 2016"]
[Site "Elsinore"]
[Date "2016.07.24"]
[Round "3.77"]
[White "Svedberg, Hans"]
[Black "Sorensen, Bernhard W"]
[Result "1-0"]
[WhiteElo "1985"]
[BlackElo "1655"]
[PlyCount "85"]
[EventDate "2016.07.23"]

1. e4 e6 2. d4 d5 3. Nc3 dxe4 4. Nxe4 Bd7 5. Nf3 Bc6 6. Bd3 Nd7 7. c3 Ngf6 8.
Nxf6+ Qxf6 9. Bg5 Bxf3 10. Qd2 Bxg2 11. Bxf6 Bxh1 12. Bh4 Bd6 13. O-O-O Bc6 14.
f4 f6 15. Bc4 Bd5 16. Bxd5 exd5 17. Qe2+ Kd8 18. Bg3 Nb6 19. Re1 Kd7 20. Qg4+
Kc6 21. Qxg7 f5 22. b3 h5 23. Bh4 Bxf4+ 24. Kd1 Bxh2 25. Be7 Bd6 26. Bxd6 cxd6
27. Re7 Rhg8 28. Rc7+ Kb5 29. a4+ Ka5 30. Qf6 Rad8 31. Rxb7 a6 32. Rg7 Rgf8 33.
Rf7 Rg8 34. Rg7 Rgf8 35. Qh4 Rde8 36. Re7 Rc8 37. Qe1 Nc4 38. bxc4 Rxc4 39. Rb7
Kxa4 40. Kd2 Ka5 41. Qb1 Rg8 42. Qa2+ Ra4 43. Qxd5# 1-0

[Event "Xtracon Chess Open 2016"]
[Site "Elsinore"]
[Date "2016.07.24"]
[Round "3.78"]
[White "Nielsen, Bent K"]
[Black "Jacobsen, Per"]
[Result "0-1"]
[WhiteElo "1349"]
[BlackElo "1636"]
[PlyCount "36"]
[EventDate "2016.07.23"]

1. e4 Nf6 2. Nc3 d6 3. h3 g6 4. Nf3 Bg7 5. d4 c6 6. Be3 Nbd7 7. b4 O-O 8. Be2
b5 9. a4 a6 10. axb5 cxb5 11. O-O Rb8 12. Nh2 Qc7 13. Qd2 Bb7 14. Ra3 Rfd8 15.
f3 Nb6 16. Bh6 Bh8 17. g4 Nc4 18. Bxc4 Qxc4 0-1

[Event "Xtracon Chess Open 2016"]
[Site "Elsinore"]
[Date "2016.07.24"]
[Round "3.79"]
[White "Laustsen, Lars"]
[Black "Stuhlmann, Alexander"]
[Result "1-0"]
[WhiteElo "2118"]
[BlackElo "1873"]
[PlyCount "41"]
[EventDate "2016.07.23"]

1. d4 Nf6 2. c4 e5 3. dxe5 Ng4 4. Bf4 Nc6 5. Nf3 Bc5 6. e3 Qe7 7. Be2 Ngxe5 8.
Nxe5 Nxe5 9. O-O d6 10. Nc3 Be6 11. b3 Ng6 12. Bg3 O-O 13. Nd5 Qd7 14. b4 Bb6
15. a4 Bxd5 16. Qxd5 Ne7 17. Qd2 a5 18. c5 Ba7 19. cxd6 Nf5 20. Bg4 cxd6 21. e4
1-0

[Event "Xtracon Chess Open 2016"]
[Site "Elsinore"]
[Date "2016.07.24"]
[Round "3.81"]
[White "Mardell, Jimmy"]
[Black "Skovgaard, Andreas"]
[Result "1-0"]
[WhiteElo "2112"]
[BlackElo "1868"]
[PlyCount "35"]
[EventDate "2016.07.23"]

1. e4 c5 2. c3 Nc6 3. d4 d5 4. exd5 Qxd5 5. Nf3 e5 6. Nxe5 Nxe5 7. dxe5 Qxe5+
8. Be2 Nf6 9. O-O Bd7 10. Bf3 O-O-O 11. Qb3 Bc6 12. Bxc6 bxc6 13. Na3 Rd3 14.
Nc4 Qh5 15. Bf4 Nd7 16. Rfe1 f5 17. Na5 Nb6 18. Qe6+ 1-0

[Event "Xtracon Chess Open 2016"]
[Site "Elsinore"]
[Date "2016.07.24"]
[Round "3.82"]
[White "Kyrkjebo, Marte Bakken"]
[Black "Molvig, Henrik"]
[Result "1/2-1/2"]
[WhiteElo "1860"]
[BlackElo "2110"]
[PlyCount "44"]
[EventDate "2016.07.23"]

1. e4 c5 2. Nc3 d6 3. g3 Nc6 4. Bg2 g6 5. d3 Bg7 6. Be3 Rb8 7. Qd2 b5 8. Nf3 b4
9. Nd1 e5 10. O-O Nge7 11. Bh6 O-O 12. Bxg7 Kxg7 13. Ne3 Nd4 14. c3 bxc3 15.
bxc3 Nxf3+ 16. Bxf3 Be6 17. Rac1 Nc6 18. Rc2 Qd7 19. Bg2 Rb6 20. f4 f6 21. f5
gxf5 22. Nxf5+ Bxf5 1/2-1/2

[Event "Xtracon Chess Open 2016"]
[Site "Elsinore"]
[Date "2016.07.24"]
[Round "3.83"]
[White "Nielsen, Jan Mose"]
[Black "Ingebretsen, Jens E"]
[Result "0-1"]
[WhiteElo "2110"]
[BlackElo "1862"]
[PlyCount "24"]
[EventDate "2016.07.23"]

1. g4 e5 2. Bg2 d5 3. h3 c6 4. d3 Bd6 5. e4 Ne7 6. Nc3 Be6 7. Nf3 Nd7 8. exd5
cxd5 9. Ne2 O-O 10. Ng5 Ng6 11. h4 Bxg4 12. Bxd5 Qa5+ 0-1

[Event "Xtracon Chess Open 2016"]
[Site "Elsinore"]
[Date "2016.07.24"]
[Round "3.84"]
[White "Kunz, Andre"]
[Black "Sajjadi, Kimiya"]
[Result "1/2-1/2"]
[WhiteElo "2105"]
[BlackElo "1860"]
[PlyCount "80"]
[EventDate "2016.07.23"]

1. e4 e6 2. d3 c5 3. Nf3 Nc6 4. g3 g6 5. Bg2 Bg7 6. O-O Nge7 7. c3 e5 8. a3 O-O
9. b4 cxb4 10. cxb4 Nd4 11. Nxd4 exd4 12. f4 d5 13. e5 f6 14. exf6 Rxf6 15. Nd2
Nf5 16. Nb3 Rd6 17. Re1 Ne3 18. Bxe3 dxe3 19. d4 Rc6 20. Rxe3 Bf5 21. Rc1 Rac8
22. Rc5 Rxc5 23. dxc5 d4 24. Re1 Qd7 25. Be4 Bxe4 26. Rxe4 d3 27. Re3 Rd8 28.
Kg2 Qd5+ 29. Rf3 Qc4 30. Rf2 Bc3 31. Nd2 Qd5+ 32. Nf3 Bd4 33. Rd2 Bc3 34. Rf2
Bd4 35. Rd2 Bc3 36. Rf2 Re8 37. Kg1 d2 38. Ne5 Bd4 39. Qxd2 Bxf2+ 40. Qxf2 Qd1+
1/2-1/2

[Event "Xtracon Chess Open 2016"]
[Site "Elsinore"]
[Date "2016.07.24"]
[Round "3.85"]
[White "Svensson, Erik"]
[Black "Holm, Ragnar"]
[Result "0-1"]
[WhiteElo "1848"]
[BlackElo "2104"]
[PlyCount "108"]
[EventDate "2016.07.23"]

1. e4 c5 2. Nf3 g6 3. d4 cxd4 4. Nxd4 Bg7 5. Nc3 Nc6 6. Be3 Nf6 7. Nxc6 bxc6 8.
e5 Ng8 9. f4 Nh6 10. Qd2 O-O 11. O-O-O Qa5 12. Kb1 d6 13. exd6 exd6 14. Qxd6
Bxc3 15. bxc3 Be6 16. Bd4 Nf5 17. Qc5 Qxa2+ 18. Kc1 Rfd8 19. Bd3 Nxd4 20. cxd4
Qa1+ 21. Kd2 Qxd4 22. Qxd4 Rxd4 23. Ke3 Rd7 24. Be4 Bd5 25. Bxd5 cxd5 26. Rd4
Rc8 27. Kd3 Rdc7 28. Rc1 Rc3+ 29. Kd2 R3c5 30. g3 Kg7 31. Ra4 a5 32. c3 Kf6 33.
Kd3 Ke6 34. Ra3 h5 35. Rb1 R8c6 36. h3 h4 37. g4 Rc4 38. Rf1 a4 39. Re1+ Kd6
40. Rf1 Rb6 41. f5 g5 42. Re1 Rb2 43. Re3 Rb1 44. Kc2 Rg1 45. Kd2 Rg3 46. Rxg3
hxg3 47. Ke3 Ke5 48. Kf3 d4 49. cxd4+ Kxd4 50. Kg2 Rb4 51. Kg1 Kc4 52. Kg2 Rb2+
53. Kg1 Kb4 54. Rxg3 a3 0-1

[Event "Xtracon Chess Open 2016"]
[Site "Elsinore"]
[Date "2016.07.24"]
[Round "3.86"]
[White "Andersen, Rune"]
[Black "Lavrsen, Frands Winther"]
[Result "1-0"]
[WhiteElo "2100"]
[BlackElo "1851"]
[PlyCount "73"]
[EventDate "2016.07.23"]

1. d4 d5 2. c4 Nc6 3. Nc3 Nf6 4. Bg5 Ne4 5. Nxe4 dxe4 6. e3 h6 7. Bh4 Bf5 8.
Ne2 g5 9. Bg3 Bg7 10. h4 Qd7 11. a3 O-O-O 12. Qc2 Bh7 13. O-O-O f5 14. hxg5
hxg5 15. f4 exf3 16. gxf3 Bg6 17. Bg2 Qe6 18. Bf2 f4 19. e4 Qf7 20. d5 Ne5 21.
Nd4 Kb8 22. Ne6 Rdg8 23. Nxg7 Rxh1 24. Bxh1 Rxg7 25. Bd4 Nd7 26. Bxg7 Qxg7 27.
c5 Nf6 28. Qc3 Qg8 29. d6 cxd6 30. cxd6 Qd8 31. e5 Ne8 32. Bg2 exd6 33. exd6
Qd7 34. Bh3 Qd8 35. Rd4 Nf6 36. Be6 Nd7 37. Rc4 1-0

[Event "Xtracon Chess Open 2016"]
[Site "Elsinore"]
[Date "2016.07.24"]
[Round "3.87"]
[White "Larsen, Preben R"]
[Black "Rishovd, Svein"]
[Result "0-1"]
[WhiteElo "1846"]
[BlackElo "2099"]
[PlyCount "152"]
[EventDate "2016.07.23"]

1. e4 e6 2. d4 d5 3. Nd2 c5 4. Ngf3 cxd4 5. Nxd4 Nf6 6. exd5 Qxd5 7. c3 Bd7 8.
Qf3 Nc6 9. Qxd5 Nxd5 10. N2f3 Bd6 11. Nxc6 bxc6 12. Bd3 Nf4 13. Bxf4 Bxf4 14.
O-O Rb8 15. Rab1 O-O 16. Rfd1 Rfd8 17. Nd2 Be8 18. Nb3 Bd6 19. Bc4 Kf8 20. Kf1
Ke7 21. h3 c5 22. Ke2 f6 23. Rd2 Rdc8 24. g3 g5 25. Re1 Rb6 26. Kd1 Be5 27. Kc1
h5 28. Rde2 Bg6 29. Nd2 Bf5 30. Ne4 Bb8 31. h4 gxh4 32. gxh4 Bf4+ 33. Nd2 Rd8
34. f3 Rxd2 35. Rxd2 Bxd2+ 36. Kxd2 Rxb2+ 37. Ke3 Rh2 38. Be2 Rxh4 39. Rg1 Ra4
40. Rh1 Bg6 41. f4 Rxa2 42. Bxh5 Bxh5 43. Rxh5 f5 44. Kd3 Kd6 45. Rh8 Ra4 46.
Rd8+ Kc6 47. Rc8+ Kd6 48. Rd8+ Kc7 49. Re8 Kd7 50. Rh8 Rxf4 51. Rh7+ Kd6 52.
Rxa7 c4+ 53. Ke3 Re4+ 54. Kf3 Rh4 55. Ra6+ Ke5 56. Ra5+ Kf6 57. Kg3 Kg5 58. Rc5
Rg4+ 59. Kf3 Re4 60. Rc6 Kf6 61. Rc5 e5 62. Rc8 Rh4 63. Kg3 Rg4+ 64. Kf3 e4+
65. Ke3 Rg3+ 66. Kd4 Rd3+ 67. Kxc4 Rd1 68. Kb3 e3 69. Re8 f4 70. c4 Kf5 71. Kc3
Kg4 72. Kc2 Rd2+ 73. Kc3 Kf3 74. c5 Rd1 75. Kc2 e2 76. c6 e1=Q 0-1

[Event "Xtracon Chess Open 2016"]
[Site "Elsinore"]
[Date "2016.07.24"]
[Round "3.88"]
[White "Rasmussen, Henrik"]
[Black "Machlik, Edit"]
[Result "0-1"]
[WhiteElo "1833"]
[BlackElo "2090"]
[PlyCount "108"]
[EventDate "2016.07.23"]

1. d4 Nf6 2. c4 e6 3. Nc3 Bb4 4. a3 Bxc3+ 5. bxc3 d6 6. Bg5 h6 7. Bxf6 Qxf6 8.
e4 O-O 9. Nf3 c5 10. Qd2 Nc6 11. Be2 b6 12. O-O Ba6 13. Qe3 Na5 14. Nd2 Rac8
15. Rac1 Rc7 16. d5 e5 17. f4 exf4 18. Qxf4 Qxf4 19. Rxf4 Re7 20. Rcf1 Re5 21.
Nf3 Re7 22. Nd2 Bc8 23. Bg4 Bxg4 24. Rxg4 f6 25. a4 Kf7 26. h4 Ke8 27. Rf5 Rff7
28. Rgf4 Rf8 29. h5 Kd7 30. Rf1 Rfe8 31. R5f4 Nb7 32. Rb1 Kc7 33. Kf2 Nd8 34.
Ke3 Nf7 35. Kd3 Ne5+ 36. Ke3 Rg8 37. Ke2 g6 38. Rxf6 gxh5 39. Rg1 Rg3 40. Rxh6
Rxc3 41. Rxh5 Nxc4 42. g4 Rc2 43. Kd3 Rxd2+ 44. Kxc4 Rd4+ 45. Kc3 Rdxe4 46. g5
Re3+ 47. Kd2 R3e5 48. Rh6 Rxd5+ 49. Kc1 Rde5 50. Kd1 Rg7 51. g6 Ree7 52. Rgh1
Re6 53. Rg1 Kc6 54. Rh7 Rgxg6 0-1

[Event "Xtracon Chess Open 2016"]
[Site "Elsinore"]
[Date "2016.07.24"]
[Round "3.89"]
[White "Palozza, Christian"]
[Black "Hansen, Tommy"]
[Result "1/2-1/2"]
[WhiteElo "2090"]
[BlackElo "1835"]
[PlyCount "61"]
[EventDate "2016.07.23"]

1. d4 Nf6 2. c4 c5 3. d5 b5 4. cxb5 a6 5. b6 e6 6. Nc3 Nxd5 7. Nxd5 exd5 8.
Qxd5 Nc6 9. Nf3 Rb8 10. Ne5 Qf6 11. Nxc6 dxc6 12. Qe4+ Be7 13. Qf4 Qxf4 14.
Bxf4 Rxb6 15. Be5 O-O 16. e3 Be6 17. Be2 c4 18. O-O f6 19. Bc3 Bb4 20. Rfc1
Bxc3 21. bxc3 Rb2 22. Kf1 Rd8 23. Rd1 Rdd2 24. Rxd2 Rxd2 25. Bd1 Bf5 26. Ke1
Rb2 27. a4 a5 28. Bf3 Bd3 29. Bxc6 Re2+ 30. Kd1 Rxf2 31. Ra3 1/2-1/2

[Event "Xtracon Chess Open 2016"]
[Site "Elsinore"]
[Date "2016.07.24"]
[Round "3.90"]
[White "Nordin, Eric"]
[Black "Kistrup, Nicolai"]
[Result "0-1"]
[WhiteElo "1832"]
[BlackElo "2089"]
[PlyCount "112"]
[EventDate "2016.07.23"]

1. e4 c5 2. Nc3 Nc6 3. f4 g6 4. Nf3 Bg7 5. Bb5 Nd4 6. O-O Nxb5 7. Nxb5 d6 8.
Qe1 Bd7 9. Nc3 Bc6 10. d3 Nf6 11. Qh4 b5 12. Bd2 b4 13. Ne2 Nd7 14. c3 Bb5 15.
c4 Ba4 16. e5 dxe5 17. Rae1 O-O 18. fxe5 Nxe5 19. Bh6 Nxf3+ 20. Rxf3 e5 21. Bg5
f6 22. Rh3 h5 23. Be3 Bd7 24. Rg3 Bg4 25. Rxg4 hxg4 26. Bxc5 Rf7 27. Qxg4 Qxd3
28. Bxb4 Bh6 29. Rf1 Kg7 30. Bc5 Rc7 31. b4 Be3+ 32. Bxe3 Qxe3+ 33. Kh1 Rd8 34.
Ng3 Qg5 35. Qxg5 fxg5 36. c5 Rd4 37. a3 Rd3 38. Ne4 Rxa3 39. Nxg5 Re7 40. Rb1
e4 41. c6 Rc3 42. b5 Kh6 43. h4 Kh5 44. Re1 Kxh4 45. Nxe4 Rc4 46. g3+ Kg4 47.
Nf6+ Kxg3 48. Rg1+ Kf3 49. Rf1+ Ke2 50. Kg2 Rc5 51. Rf2+ Kd3 52. Rf3+ Kc4 53.
Rg3 Kxb5 54. c7 Rexc7 55. Rxg6 R7c6 56. Kg3 Rf5 0-1

[Event "Xtracon Chess Open 2016"]
[Site "Elsinore"]
[Date "2016.07.24"]
[Round "3.91"]
[White "Madsen, Michael B"]
[Black "Kristian, Pade Frederiksen"]
[Result "0-1"]
[WhiteElo "2089"]
[BlackElo "1832"]
[PlyCount "56"]
[EventDate "2016.07.23"]

1. d4 Nf6 2. c4 d6 3. Nf3 g6 4. Nc3 Bg7 5. e4 O-O 6. Be2 e5 7. Be3 h6 8. h3
Nbd7 9. Qd2 Kh7 10. d5 Nc5 11. Bxc5 dxc5 12. g4 Ne8 13. h4 Bxg4 14. Ng5+ hxg5
15. Bxg4 gxh4 16. Qe3 Bh6 17. Qh3 Bg5 18. Ne2 Nd6 19. Qd3 f5 20. exf5 gxf5 21.
Bh3 e4 22. Qb3 Qf6 23. Kd1 Rae8 24. Kc2 f4 25. Be6 f3 26. Ng3 Qd4 27. Rh2 Qd2+
28. Kb1 Qc1# 0-1

[Event "Xtracon Chess Open 2016"]
[Site "Elsinore"]
[Date "2016.07.24"]
[Round "3.92"]
[White "Andersen, Dag"]
[Black "Nielsen, Klaus"]
[Result "0-1"]
[WhiteElo "1830"]
[BlackElo "2089"]
[PlyCount "112"]
[EventDate "2016.07.23"]

1. d4 d5 2. c4 e6 3. cxd5 exd5 4. Nc3 Be7 5. Bf4 Nf6 6. Qc2 Nc6 7. e3 Nb4 8.
Qd1 Bf5 9. Rc1 a6 10. a3 Nc6 11. Be2 O-O 12. Nf3 Ne4 13. h3 Qd7 14. Ne5 Nxe5
15. Bxe5 c6 16. Nxe4 Bxe4 17. O-O Bg6 18. Bd3 f6 19. Bg3 Bf7 20. Rc3 Be6 21.
Bb1 g6 22. Qe2 Rf7 23. Rfc1 g5 24. b4 Rg7 25. Bd3 Rf8 26. Rb3 Bd6 27. Bxd6 Qxd6
28. Qc2 g4 29. h4 g3 30. f3 f5 31. Kf1 Qd8 32. Rbb1 Qxh4 33. Ke2 Qh2 34. Rg1 f4
35. Kd2 fxe3+ 36. Kc3 Qh4 37. Rh1 Qe7 38. Rh5 b6 39. Rbh1 Rff7 40. Bxh7+ Kf8
41. Bg6 Rf6 42. Rh8+ Bg8 43. Bd3 c5 44. Bxa6 Qa7 45. b5 cxd4+ 46. Kxd4 Rc7 47.
Qd3 Rc4+ 48. Kxe3 Qc7 49. Rxg8+ Kxg8 50. Qxd5+ Kg7 51. Qb7 Re6+ 52. Kd3 Rd6+
53. Ke3 Rc3+ 54. Ke4 Re6+ 55. Kf5 Rc5+ 56. Kxe6 Re5# 0-1

[Event "Xtracon Chess Open 2016"]
[Site "Elsinore"]
[Date "2016.07.24"]
[Round "3.93"]
[White "Holleland, Sigve"]
[Black "Fridthjofsdottir, Sigurl. Regina"]
[Result "1-0"]
[WhiteElo "2087"]
[BlackElo "1815"]
[PlyCount "59"]
[EventDate "2016.07.23"]

1. d4 d5 2. c4 dxc4 3. Nf3 Nf6 4. e3 e6 5. Bxc4 Bb4+ 6. Bd2 Bxd2+ 7. Nbxd2 O-O
8. O-O c5 9. dxc5 Nc6 10. a3 Qc7 11. b4 Rd8 12. Qc2 b6 13. b5 Na5 14. c6 h6 15.
Ba2 a6 16. a4 axb5 17. axb5 Nd5 18. Qb2 Qe7 19. Rfd1 Nc7 20. Ne4 Nd5 21. Nc3
Nxc3 22. Qxc3 Rxd1+ 23. Rxd1 Ra7 24. Bb1 Rc7 25. Qd4 g6 26. Qxb6 Nb3 27. Nd4
Nc5 28. Qb8 Kg7 29. b6 Na6 30. bxc7 1-0

[Event "Xtracon Chess Open 2016"]
[Site "Elsinore"]
[Date "2016.07.24"]
[Round "3.95"]
[White "Jensen, Thore Nyboe"]
[Black "Rose, Dennis Lauge"]
[Result "1/2-1/2"]
[WhiteElo "2081"]
[BlackElo "1814"]
[PlyCount "47"]
[EventDate "2016.07.23"]

1. e4 c5 2. Nf3 Nc6 3. Bb5 d6 4. c3 Bd7 5. d4 cxd4 6. cxd4 a6 7. Bd3 g6 8. Nc3
Bg7 9. Be3 e6 10. O-O Nge7 11. Qd2 O-O 12. Bh6 b5 13. Rac1 Rc8 14. Bxg7 Kxg7
15. Qf4 e5 16. dxe5 dxe5 17. Qg3 f6 18. Rfd1 Qe8 19. Bb1 Be6 20. Rd6 Qf7 21. b3
Rfd8 22. Rcd1 Rxd6 23. Rxd6 Rd8 24. Rxd8 1/2-1/2

[Event "Xtracon Chess Open 2016"]
[Site "Elsinore"]
[Date "2016.07.24"]
[Round "3.96"]
[White "Weber, Andreas"]
[Black "Molgaard, Steen"]
[Result "0-1"]
[WhiteElo "1808"]
[BlackElo "2078"]
[PlyCount "112"]
[EventDate "2016.07.23"]

1. e4 e6 2. Qe2 c5 3. d4 cxd4 4. c3 dxc3 5. Nxc3 d6 6. Nf3 Nf6 7. Bf4 e5 8. Be3
Be7 9. Rc1 Nc6 10. Qc2 O-O 11. Be2 Bg4 12. Rd1 Rc8 13. Qb1 a6 14. O-O Qc7 15.
Nd5 Nxd5 16. exd5 Bxf3 17. Bxf3 Nb8 18. Bg4 Nd7 19. Qf5 Rcd8 20. Rc1 Qa5 21.
Qb1 Nf6 22. b4 Qxd5 23. Bh3 Qe4 24. Qb3 d5 25. f3 Qxb4 26. Qd3 d4 27. Bd2 Qd6
28. Rb1 Qd5 29. Bf5 g6 30. Be4 Nxe4 31. fxe4 Qd7 32. Bh6 Rfe8 33. Qf3 f6 34.
Qb3+ Kh8 35. Qf7 Bf8 36. Qxf6+ Kg8 37. Bg5 Bg7 38. Qb6 Rb8 39. Rbc1 Rbc8 40.
Rb1 Qc6 41. Qb3+ Qe6 42. Qxb7 Rf8 43. Rxf8+ Rxf8 44. Qb2 Bf6 45. Bh6 Rd8 46.
Qd2 Rc8 47. a3 Qc6 48. Rf1 Bg7 49. Bg5 Rf8 50. Qa2+ Kh8 51. Rxf8+ Bxf8 52. Qf7
Bg7 53. Qb3 h6 54. Qh3 Qxe4 55. Bd2 Qb1+ 56. Kf2 Qf5+ 0-1

[Event "Xtracon Chess Open 2016"]
[Site "Elsinore"]
[Date "2016.07.24"]
[Round "3.97"]
[White "Johansen, Paul"]
[Black "Rasmussen, Morten(1956)"]
[Result "1-0"]
[WhiteElo "2077"]
[BlackElo "1808"]
[PlyCount "119"]
[EventDate "2016.07.23"]

1. c4 f5 2. Nc3 Nf6 3. d3 g6 4. e4 d6 5. Be2 Bg7 6. h4 h6 7. f4 h5 8. exf5 Bxf5
9. Bf3 c6 10. Nge2 Ng4 11. Ng3 Qb6 12. Bxg4 Bxg4 13. Qb3 Qxb3 14. axb3 Nd7 15.
Be3 O-O 16. Nge4 a6 17. Nf2 Bf5 18. O-O-O Rae8 19. Nce4 Nf6 20. Bd4 Ng4 21.
Bxg7 Kxg7 22. Nxg4 Bxg4 23. Rde1 Bf5 24. g3 Rd8 25. Ng5 Rfe8 26. Kd2 c5 27.
Ne6+ Bxe6 28. Rxe6 Kf7 29. Rhe1 Rd7 30. R1e3 d5 31. f5 gxf5 32. Rh6 dxc4 33.
bxc4 Rd4 34. Rxh5 Kf6 35. Rh6+ Kf7 36. Rf3 Red8 37. Kc2 Kg7 38. Re6 R8d7 39.
Rxf5 Rxd3 40. Rxe7+ Rxe7 41. Kxd3 b6 42. g4 Re6 43. h5 Kh6 44. Rd5 Kg7 45. g5
Kh7 46. Rd7+ Kg8 47. h6 Kh8 48. Rf7 Rg6 49. Rf5 Kh7 50. Ke4 Re6+ 51. Re5 Rd6
52. Kf5 Rd2 53. Re7+ Kg8 54. g6 Rf2+ 55. Ke6 Re2+ 56. Kd6 Rd2+ 57. Kc6 Kf8 58.
Rf7+ Ke8 59. h7 Rh2 60. Rd7 1-0

[Event "Xtracon Chess Open 2016"]
[Site "Elsinore"]
[Date "2016.07.24"]
[Round "3.98"]
[White "Rasmussen, Jonas H"]
[Black "Stray, Gunnar"]
[Result "0-1"]
[WhiteElo "1805"]
[BlackElo "2074"]
[PlyCount "84"]
[EventDate "2016.07.23"]

1. d4 d5 2. c4 c6 3. Nf3 Nf6 4. Qc2 g6 5. e3 Bg7 6. Be2 O-O 7. O-O Bf5 8. Bd3
Bxd3 9. Qxd3 Nbd7 10. b3 e6 11. Ba3 Re8 12. Nbd2 a5 13. Rab1 e5 14. dxe5 Nxe5
15. Nxe5 Rxe5 16. Nf3 Re8 17. Rfd1 Qb6 18. cxd5 Nxd5 19. Rbc1 Nb4 20. Bxb4 axb4
21. Qc2 Rad8 22. h3 h6 23. Rxd8 Rxd8 24. Rd1 Bc3 25. Nd2 Qa5 26. Ne4 Rxd1+ 27.
Qxd1 Qxa2 28. Qd8+ Kg7 29. Nc5 Qb1+ 30. Kh2 Qf5 31. Qe7 Bf6 32. Qxb7 Qxc5 33.
Qd7 Qd5 34. Qb7 Qxb3 35. Qxc6 Qc3 36. Qb6 b3 37. Qb7 Qc2 38. Qf3 b2 39. Qf4
b1=Q 40. Qf3 Be5+ 41. g3 Qcc1 42. Qg2 Qf1 0-1

[Event "Xtracon Chess Open 2016"]
[Site "Elsinore"]
[Date "2016.07.24"]
[Round "3.99"]
[White "Fossan, Andreas"]
[Black "Gula, Julian"]
[Result "1-0"]
[WhiteElo "2071"]
[BlackElo "1801"]
[PlyCount "79"]
[EventDate "2016.07.23"]

1. d4 Nf6 2. c4 e6 3. Nc3 Bb4 4. e3 Ne4 5. Qc2 f5 6. Bd3 Nxc3 7. bxc3 Ba5 8.
Ne2 c5 9. O-O Nc6 10. Ba3 Bb6 11. Rad1 Qf6 12. Ng3 h5 13. f4 h4 14. Ne2 g5 15.
d5 Ne7 16. d6 Ng6 17. Bc1 gxf4 18. Nxf4 h3 19. g3 Nxf4 20. Rxf4 Ba5 21. Bd2 b5
22. Rdf1 Bb7 23. e4 O-O-O 24. cxb5 c4 25. Be2 Bb6+ 26. Kh1 Qe5 27. Bf3 Qxd6 28.
exf5 e5 29. Rxc4+ Kb8 30. Bxb7 Kxb7 31. Qe4+ Kb8 32. Be3 Bxe3 33. Qxe3 Qd5+ 34.
Qe4 Qd2 35. b6 axb6 36. Rb1 Rh6 37. Qxe5+ Kb7 38. Qe4+ d5 39. Qe7+ Ka6 40. Ra4#
1-0

[Event "Xtracon Chess Open 2016"]
[Site "Elsinore"]
[Date "2016.07.24"]
[Round "3.100"]
[White "Schrodt, Sebastian"]
[Black "Satre, Roger"]
[Result "0-1"]
[WhiteElo "2060"]
[BlackElo "1797"]
[PlyCount "86"]
[EventDate "2016.07.23"]

1. Nf3 d5 2. c4 d4 3. e3 Nc6 4. exd4 Nxd4 5. Nxd4 Qxd4 6. d3 Bf5 7. Qf3 Qe5+ 8.
Be2 O-O-O 9. O-O Nf6 10. h3 e6 11. Bf4 Qd4 12. Rd1 Bd6 13. Bxd6 Rxd6 14. Na3 a6
15. Rab1 Nd7 16. Nc2 Qf6 17. b4 Ne5 18. Qe3 Nxc4 19. Qc5 Nb6 20. Bf3 Rxd3 21.
Rxd3 Bxd3 22. Rb3 Bc4 23. Re3 Qf5 24. Qxf5 exf5 25. Nd4 g6 26. a3 Rd8 27. Nc2
Nd5 28. Re5 c6 29. Kh2 Kd7 30. Kg3 Re8 31. Bxd5 Bxd5 32. Rxe8 Kxe8 33. f4 Ke7
34. Nd4 Kd6 35. Ne2 c5 36. Nc3 cxb4 37. axb4 b6 38. Kf2 a5 39. Na4 b5 40. Nc3
axb4 41. Nd1 Kc5 42. g3 Kd4 43. Ke2 Bb3 0-1

[Event "Xtracon Chess Open 2016"]
[Site "Elsinore"]
[Date "2016.07.24"]
[Round "3.101"]
[White "Dittrich, Hans-Georg"]
[Black "Roder, Peter"]
[Result "0-1"]
[WhiteElo "1795"]
[BlackElo "2056"]
[PlyCount "72"]
[EventDate "2016.07.23"]

1. e4 e6 2. d4 d5 3. Nc3 Nf6 4. Bg5 dxe4 5. Nxe4 Be7 6. Bd3 Nxe4 7. Bxe7 Qxe7
8. Bxe4 Qb4+ 9. c3 Qxb2 10. Ne2 Qa3 11. O-O Nd7 12. Qc2 Nf6 13. Bf3 O-O 14.
Rfe1 c6 15. Ng3 Qd6 16. Rad1 Bd7 17. Qd2 Rac8 18. Re5 b6 19. Rg5 g6 20. h4 Rfd8
21. h5 Be8 22. hxg6 hxg6 23. Kh2 Nh7 24. Rg4 f5 25. Rh4 Rc7 26. Rh1 e5 27. Kg1
Rg7 28. Rh6 Qe7 29. a4 e4 30. Be2 Bf7 31. Qf4 c5 32. Bh5 gxh5 33. Nxf5 Qg5 34.
Qxg5 Rxg5 35. Ne7+ Kg7 36. Rc6 cxd4 0-1